000 00378nam a2200169Ia 4500
008 210210b1958 xxu||||| |||| 00| 0 eng d
041 _aeng
082 _a911/59
100 _aTOYNBEE (Arnold J)
245 _aEast to west
260 _aLondon
_bOxford University Press
_c1958
650 _awest
650 _ato
650 _aEast
690 _aTravel
906 _a024731
999 _c150353
_d150353